| 000 | 00368nam a22001337a 4500 | ||
|---|---|---|---|
| 082 |
_a891.421 _bMOH _cL-29, P-105 |
||
| 100 |
_aMuhan Singh _946063 |
||
| 245 | _aKavetha da authar | ||
| 260 |
_aPeshawar: _bMadina Book Depot Khyber Bazar Peshawar, _cc1965 |
||
| 300 |
_a165p _c16cm |
||
| 526 |
_a0 _b0 _c0 _d891_421000000000000_MOH |
||
| 650 |
_aMCE _9379 |
||
| 942 |
_2ddc _cBK |
||
| 999 |
_c549407 _d549407 |
||